[Event "KAZ-ch Open 2019"]
[Site "Almaty"]
[Date "2019.04.24"]
[Round "4.4"]
[White "Kvan, Andrey"]
[Black "Kazhgaleyev, Murtas"]
[Result "0-1"]
[WhiteElo "2286"]
[BlackElo "2578"]
[Annotator "TA"]
[PlyCount "64"]
[EventDate "2019.04.21"]
[EventType "tourn"]
[EventCountry "KAZ"]
[SourceTitle "playchess.com"]
[Source "ChessBase"]
[SourceQuality "1"]

{[%evp 14,92,40,39,39,23,27,25,25,28,32,30,32,32,27,32,28,21,31,24,65,44,52,23,20,0,0,0,0,0,0,0,0,0,0,0,0,0,20,-135,-102,-265,-274,-260,-242,-249,-256,-238,-183,-199,-191,-316,-277,-302,-289,-294,-327,-430,-432,-464,-462,-538,-519,-599,-520,-522,-519,-765,-755,-825,-785,-6606,-6087,-1751,-1119,-29988,-29989,-29989,-29990,-29989,-442]} 1. Nf3 d6 2. d4 Nf6 3. g3 g6 4. Bg2 Bg7 5. O-O O-O 6. c4 Nc6 7. Nc3 Bf5 8. Ne1 Bd7 {E62: King's Indian: Fianchetto: 6...c6 and Panno Variation (6...Nc6) without ...a6} (8... Re8 9. e4 Bd7 10. Nc2 e5 11. dxe5 dxe5 12. Nd5 Nd4 13. Nxd4 exd4 14. Bg5 c6 15. Nxf6+ Bxf6 16. Bxf6 Qxf6 {1-0 (58) Roiz,M (2605)-Guseinov,G (2664) St Petersburg 2018}) 9. e4 e5 10. d5 Nd4 {White has an edge.} 11. Nc2 Nxc2 12. Qxc2 Ng4 $146 ({Predecessor:} 12... a5 13. Qe2 a4 14. Rb1 Ne8 15. b4 axb3 16. axb3 {0-1 (73) Holm,K (2420)-Damljanovic,B (2546) Veliko Gradiste 2016}) 13. f3 Nh6 14. Be3 f5 15. Qd2 {And now Bg5 would win.} Nf7 16. Rac1 Kh8 17. Ne2 b6 18. b4 a5 19. a3 axb4 20. axb4 Ra3 21. Ra1 Rxa1 22. Rxa1 f4 23. Bf2 $1 fxg3 24. hxg3 Ng5 25. Ra3 Qf6 26. Qd3 $2 {[#]} (26. Be1 $11) 26... Bg4 $1 $36 {[%cal Rg4f3][%mdl 2624] Pin. Black is in control.} 27. f4 $2 (27. Bxb6 $17 Nxf3+ 28. Bxf3 Qxf3 29. Qxf3 Rxf3 30. Rxf3 Bxf3 31. Bxc7 Bxe2 32. c5) (27. fxg4 Qxf2+) 27... Bxe2 $1 $19 ({Not} 27... exf4 28. Nxf4 Nf7 29. Qd2 $17) 28. Qxe2 exf4 29. gxf4 Qxf4 30. Rd3 Be5 {White must now prevent ...Qh2+.} 31. Bg3 Qc1+ 32. Rd1 {[#]} (32. Qe1 {only move.} Qxc4 33. Bxe5+ dxe5 34. Qc3 Qxc3 35. Rxc3) 32... Nf3+ {Played: Qc1-c3} 0-1

[Event "KAZ-ch Open 2019"]
[Site "Almaty"]
[Date "2019.04.24"]
[Round "4.5"]
[White "Kostenko, Petr"]
[Black "Kazakov, Konstantin"]
[Result "1/2-1/2"]
[WhiteElo "2450"]
[BlackElo "2369"]
[Annotator "TA"]
[PlyCount "104"]
[EventDate "2019.04.21"]
[EventType "tourn"]
[EventCountry "KAZ"]
[SourceTitle "playchess.com"]
[Source "ChessBase"]
[SourceQuality "1"]

{[%evp 12,104,26,25,25,19,21,20,8,10,26,27,31,30,40,33,42,48,94,91,101,105,110,72,79,37,65,57,66,69,110,114,129,108,105,110,96,89,118,55,72,79,100,85,83,80,95,100,94,89,75,68,102,99,120,120,120,120,118,113,132,119,220,110,110,110,153,149,365,166,180,148,150,141,127,0,141,125,137,104,89,0,0,0,0,0,0,0,0,0,0,0,0,0,0]} 1. e4 c5 2. Nf3 Nf6 3. e5 Nd5 4. g3 Nc6 5. Bg2 d6 6. exd6 e6 7. O-O Bxd6 {B29: Sicilian: 2 Nf3 Nf6 (Nimzowitsch Variation)} 8. d4 O-O 9. dxc5 Bxc5 10. Qe2 a5 $146 ({Predecessor:} 10... Qe7 11. Rd1 f6 12. c3 {½-½ (36) Admiraal,M (2465)-Dastan,B (2538) Teplice 2018}) 11. c4 {aiming for Rd1.} Nf6 12. Nc3 h6 13. Bf4 Qe7 14. Rad1 Rd8 15. Rxd8+ Qxd8 16. Rd1 Qe7 17. Na4 Ba7 18. h3 Bd7 19. Bd6 Qe8 20. Nc3 {[%cal Ba4c3,Bc3b5,Bb5d6][%mdl 32]} Rc8 21. Nb5 Bb6 22. Bf4 Bc5 23. Nd6 Bxd6 24. Bxd6 a4 25. Rd2 (25. b4 $16) 25... Na5 26. Ne5 Bc6 27. Nxc6 Nxc6 28. c5 Nd5 29. Qb5 Ra8 30. Kh2 Qd7 31. a3 Ra5 32. Qc4 Nce7 33. Bxe7 {[%mdl 64] Overworked Piece} Qxe7 34. Bxd5 exd5 35. Rxd5 $16 {[%mdl 4096] Endgame KQR-KQR} Ra8 36. Qd4 Rc8 (36... Qe6 $16 {keeps fighting.} 37. Rd6 Qf5) 37. h4 (37. Qxa4 $18 {Hoping for Qd4.} Rxc5 38. Rxc5 Qxc5 39. Qe8+ Qf8 40. Qd7) 37... Qe2 38. Kg2 Qc2 39. Re5 f6 $2 (39... Rc6 $16 {was called for.} 40. g4 Re6 41. Rxe6 fxe6) 40. Rd5 (40. Qd7 $142 fxe5 41. Qxc8+ Kh7 42. Qxb7) 40... Rc7 41. h5 Kh7 42. Qe3 Rc8 43. Qd4 Rc7 $1 44. g4 Re7 {With the idea ...Re4.} 45. Rd8 Re5 {[#]} 46. Rb8 (46. Ra8 $1 $16 {Qd8 is the strong threat.} Qxc5 47. Qxc5 (47. Rxa4 Qc6+ 48. f3 Qc2+ 49. Kg3 b5 $14) 47... Rxc5 48. Rxa4) 46... Qe2 $1 $11 {The position is equal.} 47. Kg3 $36 {[%mdl 2048] Black is under pressure.} ({Avoid the trap} 47. Rxb7 $2 {[#]} Re4 $1 $19 {[%mdl 512]}) 47... Re4 {[%mdl 64] [#] Double Attack} 48. Qd7 $1 {White threatens Qf5+ and mate.} Re3+ 49. fxe3 Qxe3+ 50. Kg2 Qe2+ 51. Kg1 {Threatening mate with Qf5+.} Qe1+ 52. Kg2 {White wants to mate with Qf5+.} Qe2+ {Accuracy: White = 57%, Black = 58%.} 1/2-1/2

[Event "KAZ-ch Open 2019"]
[Site "Almaty"]
[Date "2019.04.24"]
[Round "4.6"]
[White "Ibrayev, Nurlan"]
[Black "Nogerbek, Kazybek"]
[Result "1/2-1/2"]
[WhiteElo "2379"]
[BlackElo "2341"]
[Annotator "TA"]
[PlyCount "138"]
[EventDate "2019.04.21"]
[EventType "tourn"]
[EventCountry "KAZ"]
[SourceTitle "playchess.com"]
[Source "ChessBase"]
[SourceQuality "1"]

{[%evp 14,138,16,-9,92,63,57,58,82,80,87,81,81,88,79,83,95,72,75,77,68,67,77,80,76,76,76,72,81,76,76,76,82,70,87,85,90,81,70,72,60,66,79,47,47,51,65,47,49,42,60,56,57,43,70,56,54,64,104,104,133,119,116,92,143,130,129,121,163,155,216,223,213,143,178,160,204,204,206,191,198,191,199,184,376,219,414,389,613,613,579,558,498,498,509,457,500,475,697,659,553,471,710,691,635,575,739,227,227,227,227,158,158,158,158,158,158,158,158,158,158,158,158,158,158,158,158]} 1. e4 e6 2. d4 d5 3. Nd2 Nc6 4. c3 e5 5. exd5 Qxd5 6. Ngf3 exd4 7. Bc4 Qf5 8. O-O Nge7 $146 {C04: French Tarrasch: 3...Nc6} (8... Be6 $11) ({Predecessor:} 8... Be6 9. Bxe6 fxe6 10. Qa4 O-O-O 11. Nb3 e5 12. cxd4 exd4 13. Nbxd4 Nxd4 14. Nxd4 Qd7 15. Qxd7+ Rxd7 16. Be3 {0-1 (54) Gubajdullin,A (2359)-Matsenko,S (2531) St Petersburg 2015}) 9. Re1 {Black must now prevent Nb3.} Be6 $1 10. Bxe6 fxe6 {White is slightly better.} 11. Nb3 $1 {[%cal Rb3d4]} (11. Nxd4 Nxd4 12. cxd4 Nc6 $11) 11... e5 {[#]} 12. Nxe5 $1 {[%mdl 512]} O-O-O {aiming for ...dxc3.} (12... Nxe5 13. Nxd4) 13. Nxd4 (13. cxd4 $2 Nxe5 14. Qe2 Nd3 $19) 13... Nxd4 14. cxd4 Nd5 15. Qf3 Qxf3 16. Nxf3 Bb4 17. Re2 Rhe8 18. Kf1 h6 19. h4 c6 20. a3 Bd6 21. Rxe8 Rxe8 22. Bd2 Kd7 23. g3 Nc7 24. Re1 Rxe1+ 25. Kxe1 $16 {[%mdl 4096] Endgame KBN-KBN} Ke6 26. Ke2 Kd5 27. Kd3 Ne6 28. Be3 c5 29. dxc5 Nxc5+ 30. Kc2 a6 31. Nd2 Nd7 32. Kd3 Ne5+ 33. Kc3 Bf8 34. h5 b5 35. Bf4 Nc6 36. Kd3 $1 a5 37. f3 a4 38. Nf1 Be7 ({Better is} 38... Ne5+ 39. Bxe5 Kxe5) 39. Ne3+ Ke6 40. Ke4 b4 41. Nc4 Bf6 (41... bxa3 $16 {might work better.} 42. bxa3 (42. Nxa3 Na5 $16) 42... Na7) 42. axb4 $18 Nxb4 43. g4 Nc2 44. Bd2 Na1 45. f4 Nb3 46. Bb4 Bd4 47. g5 hxg5 48. fxg5 Kf7 $2 (48... Bc5) 49. Kf5 (49. Kd5 $142) 49... Nc1 $2 (49... Kg8 50. Ba3 Bg1) 50. Ba3 Ne2 (50... Bg1 $142 51. Nd6+ Kg8) 51. Nd6+ Kg8 52. Ke4 Bb6 53. Nf5 $1 Bd8 54. Ke3 Nc1 55. Be7 Bb6+ (55... Bxe7 $142 56. Nxe7+ Kf7) 56. Kd2 Nb3+ 57. Kd3 Nc5+ (57... Bc5 $142 58. g6 Bxe7) 58. Kc4 Ne6 59. Kb5 Nd4+ 60. Nxd4 $2 (60. Kxb6 Nxf5 61. Bc5) 60... Bxd4 {KB-KB. White is clearly better.} 61. Ba3 $1 {Hoping for g6.} g6 62. h6 ({Stronger than} 62. Kxa4 gxh5 63. Kb3 Be5 $11) 62... Be3 63. Be7 ({Inferior is} 63. Kxa4 Bxg5 64. Bd6 Bxh6 $11) 63... Bc1 64. Bf6 a3 65. bxa3 Bxa3 {[#]} 66. Kc6 $1 Kh7 {[#] intending ...Bf8.} 67. Kd7 $1 Bc1 68. Ke7 Bd2 69. Kf7 Bc1 {Accuracy: White = 77%, Black = 56%.} 1/2-1/2

[Event "KAZ-ch Open 2019"]
[Site "Almaty"]
[Date "2019.04.25"]
[Round "5.1"]
[White "Nogerbek, Kazybek"]
[Black "Agmanov, Zhandos"]
[Result "1/2-1/2"]
[WhiteElo "2341"]
[BlackElo "2394"]
[Annotator "TA"]
[PlyCount "44"]
[EventDate "2019.04.21"]
[EventType "tourn"]
[EventCountry "KAZ"]
[SourceTitle "playchess.com"]
[Source "ChessBase"]
[SourceQuality "1"]

{[%evp 16,44,14,24,19,16,18,7,18,0,10,0,60,65,54,56,50,55,57,54,62,60,45,32,44,31,43,30,29,29,28]} 1. e4 e6 2. d4 d5 3. Nc3 Nf6 4. e5 Nfd7 5. f4 c5 6. Nf3 Nc6 7. Be3 Be7 8. Qd2 O-O 9. dxc5 Nxc5 {C11: French: Classical System: 4 e5 and 4 Bg5 dxe4} 10. O-O-O a6 11. Qf2 b6 {The position is equal.} 12. Nd4 Nxd4 $146 ({Predecessor:} 12... Qc7 13. Kb1 Bb7 14. Nxc6 Bxc6 15. Bd4 Bb7 16. Bd3 b5 17. Ne2 {½-½ (36) So,W (2773)-Nakamura,H (2787) Saint Louis 2016}) 13. Bxd4 Qc7 (13... Bb7 $11) 14. f5 $1 $14 f6 15. Qg3 Qc6 16. Be2 {Hoping for Rhe1.} exf5 17. exf6 Bxf6 18. Nxd5 Qxd5 {[%mdl 64] [#] Double Attack} 19. Bxf6 {[%csl Gf6][%cal Rg3g7]} Qf7 $1 {[%cal Rf7f6]} 20. Bd4 Ne4 21. Qe5 {aiming for Bc4!} Re8 22. Bh5 Rxe5 {Accuracy: White = 62%, Black = 82%.} 1/2-1/2

[Event "KAZ-ch Open 2019"]
[Site "Almaty"]
[Date "2019.04.25"]
[Round "5.2"]
[White "Kazakov, Konstantin"]
[Black "Ibrayev, Nurlan"]
[Result "1/2-1/2"]
[WhiteElo "2369"]
[BlackElo "2379"]
[Annotator "TA"]
[PlyCount "39"]
[EventDate "2019.04.21"]
[EventType "tourn"]
[EventCountry "KAZ"]
[SourceTitle "playchess.com"]
[Source "ChessBase"]
[SourceQuality "1"]

{[%evp 20,29,6,0,0,12,4,0,29,31,32,35]} 1. Nf3 d5 2. b3 Bg4 3. e3 e6 4. Bb2 Nd7 5. Be2 c6 6. c4 Ngf6 7. Nc3 Bd6 8. h3 Bh5 9. O-O O-O 10. d4 Ne4 11. Nxe4 dxe4 {A12: English Opening: 1...c6 with b3 by White} 12. Ne5 Bxe2 13. Qxe2 Bxe5 (13... f5 14. Nxd7 Qxd7 15. f3 exf3 16. Qxf3 Rf7 17. e4 fxe4 18. Qxf7+ Qxf7 19. Rxf7 Kxf7 {½-½ (29) Karpov,A (2619)-Tomashevsky,E (2709) Kiev 2013}) 14. dxe5 Qg5 15. Qg4 {Predecessor:} Qf5 $146 16. Rad1 Rfd8 17. Bd4 h5 18. Qg3 Nf8 19. f4 exf3 20. Rxf3 {½-½ (27) West,G (2363)-Jordan,W (2330) Melbourne 2001} 1/2-1/2

[Event "KAZ-ch Open 2019"]
[Site "Almaty"]
[Date "2019.04.25"]
[Round "5.3"]
[White "Kazhgaleyev, Murtas"]
[Black "Kostenko, Petr"]
[Result "1/2-1/2"]
[WhiteElo "2578"]
[BlackElo "2450"]
[Annotator "TA"]
[PlyCount "152"]
[EventDate "2019.04.21"]
[EventType "tourn"]
[EventCountry "KAZ"]
[SourceTitle "playchess.com"]
[Source "ChessBase"]
[SourceQuality "1"]

{[%evp 13,152,0,0,0,0,0,0,0,0,0,0,-23,27,-15,-18,-18,-12,-34,-17,-14,-12,-17,0,0,0,0,0,0,20,-8,-8,-25,-9,-41,0,0,0,0,0,0,-5,0,0,0,0,0,0,0,24,0,3,3,3,3,8,0,0,0,29,29,29,29,26,31,47,24,16,12,93,93,93,93,93,93,93,93,93,93,93,93,93,93,93,93,93,76,159,83,76,76,93,93,93,93,92,93,93,90,84,102,94,99,101,95,398,398,287,170,183,77,77,8,8,8,8,8,8,8,8,8,37,52,58,59,60,0,60,0,60,0,60,0,60,8,8,8,8,8,8,8,8]} 1. d4 e6 2. c4 d5 3. Nf3 Nf6 4. Nc3 dxc4 5. Qa4+ c6 6. Qxc4 b5 7. Qd3 a6 8. e4 {D43: Semi-Slav: 5 Bg5 h6} (8. Bg5 c5 9. a4 cxd4 10. Nxd4 bxa4 11. e3 Bb7 12. Be2 Nbd7 13. O-O Be7 14. Nxa4 O-O 15. Rfc1 Qa5 16. Bxf6 Nxf6 {½-½ (52) Lupulescu,C (2620)-Gelfand,B (2737) Heraklio 2017}) 8... c5 9. dxc5 Qxd3 10. Bxd3 {b4 is the strong threat.} Bxc5 11. e5 Nfd7 12. Ne4 Nc6 13. Bf4 Nb4 14. Bb1 $1 Bb7 15. Ke2 $146 ({Predecessor:} 15. O-O Rc8 {0-1 (61) Cebalo,M (2492)-Isonzo,D (2343) Milan 2001}) 15... Rc8 16. a4 Nd5 17. Bd2 b4 18. Bd3 f5 19. exf6 gxf6 20. Rhc1 O-O 21. Bc4 Be7 22. Kf1 Kf7 23. Be2 N5b6 (23... a5 {with more complications.} 24. Nd4 N5b6 25. f3 Bd5 26. Bb5 Rg8) 24. a5 $1 Bxe4 25. axb6 Nxb6 26. Rxa6 Rxc1+ 27. Bxc1 Rc8 28. Bh6 Nc4 29. b3 Nd6 30. Bd2 Nf5 31. Ra7 (31. g4 {is interesting.} Bxf3 32. Bxf3 Nd4 33. Bd1 Rd8 34. Ke1) 31... Ra8 $132 {[%mdl 2048] Black is not keeping still} 32. Rxa8 Bxa8 33. g4 Ng7 34. Ne1 Bd5 35. Bd1 Bd6 36. h3 e5 37. Nd3 Ne6 38. Bxb4 Ke7 39. Bxd6+ Kxd6 $14 {[%mdl 4096] Endgame KBN-KBN} 40. Nb4 Nf4 (40... Ba8 $11 {keeps the balance.}) 41. Nxd5 $16 Kxd5 {KB-KN} 42. h4 Kd4 43. Bc2 h6 44. Bh7 $1 Kc3 45. Bg8 Ng6 46. h5 $1 {[%cal Rh5g6]} Ne7 47. Bf7 Nc6 48. Ke2 Kd4 49. Kf3 Nb4 {[#]} ({Black should try} 49... e4+ 50. Kg3 Nb4) 50. Kg3 (50. Bc4 $142 $1) 50... Nd3 51. Bg6 {Threatens to win with Bxd3.} Nf4 52. Bh7 Kc3 53. Bg8 Kd4 54. Bc4 Kc3 55. Bf7 Kd4 56. b4 {[%cal Bb3b4,Bb4b5][%mdl 32]} Ne2+ 57. Kf3 Nc3 58. Be8 Nd5 $2 {[%mdl 8192]} (58... Ne4 $16) 59. b5 $18 Nb6 60. Bc6 (60. g5 $142 fxg5 61. Kg4) 60... Nc4 {[#]} 61. Kg3 (61. Ba8 $1 $18) 61... Kc5 $16 62. f4 (62. Kg2 $16) 62... exf4+ $1 $11 63. Kxf4 {Black must now prevent Kf5.} Nd6 $1 64. Bd7 Kb6 65. Ke3 {Hoping for Kd4.} Kc5 $1 66. Bc6 Nc4+ 67. Kd3 Nd6 $1 68. Bd7 Nf7 69. Ke3 Nd6 $1 70. Bc6 Nc4+ $1 71. Kf4 {aiming for Kf5.} Nd6 $1 72. Bd7 Kb6 73. g5 (73. Kg3 $14) 73... fxg5+ {The position is equal.} 74. Ke5 Nxb5 75. Kf6 $1 {[%cal Rf6g7]} Nc3 76. Kg7 $1 {[%cal Rg7h6]} Ne2 {Accuracy: White = 53%, Black = 63%.} 1/2-1/2

[Event "KAZ-ch Open 2019"]
[Site "Almaty"]
[Date "2019.04.25"]
[Round "5.4"]
[White "Makhnev, Denis"]
[Black "Kvan, Andrey"]
[Result "1-0"]
[WhiteElo "2483"]
[BlackElo "2286"]
[Annotator "TA"]
[PlyCount "83"]
[EventDate "2019.04.21"]
[EventType "tourn"]
[EventCountry "KAZ"]
[SourceTitle "playchess.com"]
[Source "ChessBase"]
[SourceQuality "1"]

{[%evp 9,83,27,29,29,31,31,35,31,210,114,113,110,113,113,112,116,115,114,112,112,113,119,119,112,133,133,139,110,128,126,143,155,147,149,204,214,195,195,267,264,260,264,268,263,261,261,254,267,252,261,256,257,359,313,306,316,331,325,312,292,521,518,509,468,536,530,644,640,629,618,811,800,1114,1110,1215,1202]} 1. d4 d6 2. Nf3 Bg4 3. g3 Bxf3 4. exf3 e6 5. f4 c6 6. c3 $146 {A41: 1 d4 d6: Tartakower System and Modern Defence} ({Predecessor:} 6. Bg2 g6 7. Nd2 Bg7 8. c3 Nd7 9. a4 Ne7 10. O-O O-O 11. Re1 Qc7 12. Nf3 Rac8 13. Bd2 {0-1 (56) Polugaevsky,L (2610)-Miles,A (2595) Biel 1990}) 6... g6 7. Nd2 {[%cal Bb1d2,Bd2c4,Bc4d6][%mdl 32]} Bg7 8. Qb3 {White is slightly better.} Qb6 $2 ({Black should try} 8... b6 $14) 9. Qxb6 (9. Nc4 $18 Qxb3 10. axb3) 9... axb6 $16 10. Nc4 Nd7 {[%cal Bb8d7,Bd7b6,Bb6a4][%mdl 32]} 11. Nxd6+ Ke7 12. Nc4 ({Stronger than} 12. Nxb7 Ra7 $17) 12... b5 13. Ne5 Nb6 14. Bd3 Nf6 15. Ke2 Nfd5 16. Bd2 f6 17. Nf3 Na4 18. Rhb1 Kf7 19. Kd1 Rhd8 20. Kc2 Nab6 21. b3 Bf8 {[#]} (21... Rdb8 $16 22. c4 Nc7) 22. a4 $1 $18 {[%mdl 512]} Nc7 (22... bxa4 23. bxa4) 23. c4 Rd7 (23... b4 $142 24. Be3 Nd7) 24. axb5 Rxa1 25. Rxa1 {Ra7 is the strong threat.} cxb5 26. Ra7 ({Don't play} 26. cxb5 $6 Ncd5 $16) 26... bxc4 27. bxc4 {[%cal Bb3c4,Bc4c5,Bc5c6][%mdl 32] Threatens to win with Ba5.} Ne8 28. c5 Nc8 29. c6 Rc7 30. Rxb7 {Hoping for Ba5.} Ne7 31. Bb5 Rc8 32. Bb4 Nc7 33. Ba4 Ned5 34. Ba5 Ra8 $2 (34... Be7 {was called for.} 35. Nd2 Ra8) 35. Bxc7 {White is clearly winning.} Rxa4 36. Ba5+ Be7 37. c7 Rc4+ 38. Kd3 Rc6 39. Nd2 g5 40. fxg5 fxg5 41. Nc4 Kf6 42. Ne5 {Accuracy: White = 84%, Black = 49%.} 1-0

[Event "KAZ-ch Open 2019"]
[Site "Almaty"]
[Date "2019.04.25"]
[Round "5.5"]
[White "Ismagambetov, Anuar"]
[Black "Urazayev, Arystanbek"]
[Result "1/2-1/2"]
[WhiteElo "2554"]
[BlackElo "2446"]
[Annotator "TA"]
[PlyCount "120"]
[EventDate "2019.04.21"]
[EventType "tourn"]
[EventCountry "KAZ"]
[SourceTitle "playchess.com"]
[Source "ChessBase"]
[SourceQuality "1"]

{[%evp 19,120,11,22,12,13,12,10,14,12,-4,-4,-12,-12,-12,-11,-15,-8,-13,-14,-13,-24,-37,-38,-86,0,-16,0,-18,0,0,0,0,0,0,0,0,0,-7,0,0,0,0,0,-37,-42,-40,-35,-53,-58,-56,-39,-37,0,-56,-56,-62,-61,-52,-54,-97,-89,-84,-42,-61,-13,-18,-6,-6,0,0,0,0,0,-31,0,-5,-10,-97,-8,-8,-4,-8,-8,-8,-8,-8,-8,-8,0,-3,0,-7,-7,-7,0,0,0,0,0,0,0,0,0]} 1. e4 e5 2. Nf3 Nc6 3. Bb5 a6 4. Ba4 Nf6 5. O-O Be7 6. Re1 b5 7. Bb3 O-O 8. a4 b4 9. d4 d6 10. dxe5 Nxe5 11. Nxe5 {C88: Closed Ruy Lopez: Anti-Marshall Systems} (11. Nbd2 Bb7 12. Nxe5 dxe5 13. Qf3 Kh8 14. Nc4 Bxe4 15. Qh3 Qc8 16. Qxc8 Raxc8 17. Bg5 Bd5 18. Rxe5 Be6 {½-½ (48) Howell,D (2693)-Onischuk,A (2647) Astana 2019}) 11... dxe5 12. Qxd8 Rxd8 13. Nd2 Bc5 14. Nc4 {[#]} Nxe4 $1 {[%mdl 512]} 15. Be3 (15. Rxe4 Rd1+) 15... Bxe3 16. Rxe3 Nc5 17. Nxe5 Nxb3 18. Rxb3 c5 19. Re3 $146 Be6 20. Kf1 Rd2 21. Rc1 {[#]} Rad8 (21... Bf5 $1 $17 22. Nc6 Rxc2 23. Rxc2 Bxc2) 22. Ke1 {Hoping for Nd3.} R2d5 23. f3 g5 24. Nc6 R8d7 25. Ne5 Rd8 26. Nc6 R8d7 27. Ne5 Rc7 28. Rd1 Rxd1+ 29. Kxd1 $11 {[%mdl 4096] Endgame KRB-KRN} c4 30. Ng4 Kg7 31. Nf2 Rc5 32. Kd2 Rd5+ 33. Kc1 h6 34. Ne4 Re5 35. Kd2 Rd5+ 36. Kc1 Ra5 37. b3 cxb3 38. cxb3 Re5 {Threatens to win with ...f5.} 39. Rd3 f5 40. Nd2 a5 41. Rd6 Kf7 42. Kd1 Rc5 43. Ra6 h5 44. g3 h4 45. gxh4 gxh4 46. Ke2 h3 47. Ra7+ Kf6 48. Rh7 {[#]} (48. f4 $11 {keeps the balance.}) 48... Rc2 (48... Ke5 $1 $17 {White must now prevent ...f4.} 49. Rxh3 Rc3) 49. Rh6+ {The position is equal.} Ke7 {...Bxb3 is the strong threat.} 50. Kd1 Rc3 {Black wants to play ...f4.} 51. Rxh3 Bxb3+ 52. Nxb3 Rxb3 {KR-KR} 53. Rh7+ Ke6 54. Ra7 Rxf3 {Strongly threatening ...b3.} 55. Rxa5 Ra3 56. h4 f4 57. Ke2 b3 {And now ...b2 would win.} 58. Rb5 Rxa4 59. Kf3 Kf6 60. Rxb3 Kg6 {Accuracy: White = 58%, Black = 58%.} 1/2-1/2

[Event "KAZ-ch Open 2019"]
[Site "Almaty"]
[Date "2019.04.25"]
[Round "5.6"]
[White "Moisseyenko, Ilya"]
[Black "Zhalmakhanov, Ramazan"]
[Result "1/2-1/2"]
[WhiteElo "2329"]
[BlackElo "2346"]
[Annotator "TA"]
[PlyCount "73"]
[EventDate "2019.04.21"]
[EventType "tourn"]
[EventCountry "KAZ"]
[SourceTitle "playchess.com"]
[Source "ChessBase"]
[SourceQuality "1"]

{[%evp 23,73,-9,-2,-10,28,4,22,0,2,-39,12,-57,-44,-88,-79,-68,-81,-78,-38,-39,32,0,0,0,0,0,0,0,0,0,0,0,0,0,0,0,0,0,0,0,0,0,0,0,0,0,0,0,0,0,0,0]} 1. d4 Nf6 2. Nf3 e6 3. c4 d5 4. Nc3 c6 5. cxd5 exd5 6. Bg5 Be7 7. Qc2 g6 8. e3 Bf5 9. Bd3 Bxd3 10. Qxd3 Nbd7 11. O-O O-O 12. Rab1 a5 13. Nd2 {[#] D36: Queen's Gambit Declined: Exchange Variation: Main line (5 Bg5 c6 6 Qc2)} (13. a3 Re8 14. Qc2 Ne4 15. Bxe7 Qxe7 16. Rfc1 Nd6 17. Ne2 Kg7 18. Nf4 Nf8 19. Nd3 Ne6 20. Nc5 Nc4 21. Nd2 Nd6 22. b3 {1-0 (41) Ivanchuk,V (2753)-Giri,A (2734) Leon 2013}) 13... Bd6 $146 ({Predecessor:} 13... Re8 14. f3 Qb6 15. Kh1 Rad8 16. a3 Nh5 17. Bh6 Ng7 18. b4 axb4 19. axb4 Nf5 20. Bf4 Bd6 {½-½ (44) Oliwa,M (2415)-Czarnota,P (2538) Poland 2013}) 14. f4 Re8 15. Rf3 b5 16. Ne2 Qb6 (16... Qc7 $15) 17. Ng3 (17. f5 $11 Ne4 18. fxg6 fxg6 19. Nxe4 Rxe4 20. Rc1) 17... c5 $15 18. Rbf1 cxd4 19. exd4 Bf8 20. Kh1 Bg7 21. f5 Re7 ({Better is} 21... Qc6 $15) 22. fxg6 fxg6 {The position is equal.} 23. h4 {Threatening h5.} Re6 24. h5 Ne4 {[%mdl 64] Decoy} 25. Ngxe4 dxe4 26. Nxe4 {Hoping for Rf7.} Qxd4 {[%mdl 64] Double Attack} 27. h6 Qxd3 28. Rxd3 Bxb2 29. Rxd7 Rxe4 30. g3 Re2 31. Bf6 Bxf6 32. Rxf6 $11 {Intending Rg7+ and mate. KRR-KRR} Rc8 ({And not} 32... Rxa2 33. Rg7+ Kh8 34. Rff7 Ra1+ 35. Kg2 Ra2+ 36. Kh3 Rh2+ 37. Kxh2 Re8 38. Rxh7+ Kg8 39. Rfg7+ {[%mdl 64] Double Attack} Kf8 40. Rh8#) 33. Rg7+ Kh8 {[#]} 34. Rc7 $3 {[%mdl 512]} Rd8 {[#]} (34... Rxc7 35. Rf8#) 35. Rd6 $1 {[%mdl 512]} Rf8 {[%cal Rf8f1] [#]} (35... Rxd6 36. Rc8+) 36. Rf6 $1 {[%cal Rf6f8][%mdl 512]} Rd8 {[#] ( -> ...Rd1+)} (36... Rxf6 37. Rc8+) 37. Rd6 $1 {[%mdl 512] Accuracy: White = 60%, Black = 53%.} 1/2-1/2

[Event "KAZ-ch Open 2019"]
[Site "Almaty"]
[Date "2019.04.27"]
[Round "6.1"]
[White "Agmanov, Zhandos"]
[Black "Zhalmakhanov, Ramazan"]
[Result "1/2-1/2"]
[WhiteElo "2394"]
[BlackElo "2346"]
[Annotator "NA RC"]
[PlyCount "42"]
[EventDate "2019.04.21"]
[EventType "tourn"]
[EventCountry "KAZ"]
[SourceTitle "playchess.com"]
[Source "ChessBase"]
[SourceQuality "1"]
[TimeControl "40/5400+30:1800+30"]

{[%evp 8,42,37,5,8,8,32767,16,16,32767,14,32767,21,32767,8,10,33,0,32767,6,0,-2,32767,0,32767,35,62,31,68,32767,48,44,32767,-70,-55,-77,-68]} 1. e4 {[%emt 0:00:00]} c5 {[%emt 0:00:00]} 2. Nf3 {[%emt 0:00:00]} Nc6 {[%emt 0:00:00]} 3. Bb5 {[%emt 0:00:00]} g6 {[%emt 0:00:06]} 4. O-O {[%emt 0:00:01]} Bg7 {[%emt 0:00:06]} 5. c3 {[%emt 0:00:09]} Nf6 {[%emt 0:02:19]} 6. Re1 {[%emt 0:00:14]} O-O {[%emt 0:00:39]} 7. h3 {[%emt 0:00:02]} e5 {[%emt 0:06:32]} 8. d3 {[%emt 0:17:37]} d6 {[%emt 0:00:50]} 9. Nbd2 {[%emt 0:02:33]} h6 {[%emt 0:12:12] B31: Sicilian: 2...Nc6 3 Bb5 g6} 10. a3 {[%emt 0:03:13]} (10. Nf1 Be6 11. Ng3 Rc8 12. Ba4 Kh7 13. Be3 Nd7 14. Bxc6 bxc6 15. d4 exd4 16. cxd4 d5 17. Qd2 {½-½ (74) Kasimdzhanov,R (2683)-Moiseenko,A (2667) Riadh 2017}) 10... Qc7 {[%emt 0:10:24]} 11. b4 {[%emt 0:02:43]} b6 $146 {[%emt 0:06:05]} ({Predecessor:} 11... a6 12. Bxc6 Qxc6 13. bxc5 Qxc5 14. a4 Be6 15. Ba3 Qc7 16. d4 Rfd8 17. d5 {1-0 (38) Weldon,D (2136)-Sojka,V (2199) ICCF email 2014}) 12. Rb1 {[%emt 0:17:59]} a6 {[%emt 0:08:02]} 13. Bc4 {[%emt 0:11:27]} b5 {[%emt 0:02:33]} 14. Ba2 {[%emt 0:00:55]} Rd8 {[%emt 0:01:16]} 15. Qc2 {[%emt 0:05:00]} Bf8 {[%emt 0:12:59]} 16. Nf1 {[%emt 0:03:32]} Bb7 {[%emt 0:02:01]} 17. Be3 {[%emt 0:01:53]} Rac8 {[%emt 0:03:36]} 18. Ng3 {[%emt 0:01:10]} cxb4 {[%emt 0:02:56]} 19. cxb4 {[%emt 0:00:24]} d5 {[%emt 0:05:10]} 20. d4 {[%emt 0:11:32]} (20. Rbc1 $14) 20... exd4 {[%emt 0:08:07]} 21. Nxd4 {[%emt 0:00:30]} Nxe4 $15 {[%emt 0:01:33]} 1/2-1/2